000 00650nam a22002057a 4500
003 OSt
005 20140310182924.0
008 130129t xxu||||| |||| 00| 0 eng d
020 _a971506115X
050 _aR724
_b.G633 2000
082 _aFIL 174.25
_bL94 2000
245 _aLove/life-making, confidentiality, xenotransplants, aging
_cGomez, Fausto B. Anniela Yu-Soliven, ed.
260 _aManila
_bDept. of Bioethics, Faculty of Medicine and Surgery, University of Santo Tomas, .
_cc2000
300 _axv, 264 p.
_bill.
_c22 cm.
521 _aCollege
526 _c1210L-1700L
541 _j1
562 _e1
942 _2lcc
_cBK
_kFIL
999 _c17383
_d17383